000 00311nam a22001337a 4500
020 _a788193769713
082 _a001
_bMAN/Y
100 _aMANORAMA
245 _aMANORAMA YEARBOOK 2019
260 _aKOTTAYAM
_bMALAYALA MANORAMA PRESS
_c2019
300 _a1039
650 _aGENERAL KNOWLEDGE
_zINDIA
942 _cBK
999 _c6684
_d6684